000 00641nam a2200265Ia 4500
005 20260324153213.0
008 008 260324s9999 xx 000 0 eng d
020 _a9780128110447
037 _aEBOOK
040 _aCRL
040 _beng
040 _cCRL
041 _2eng
041 _aeng
084 _qCRL
100 _aBreit, Dominic
_9981624
245 0 _aExistence Theory for Generalized Newtonian Fluids
260 _bElsevier
260 _c2017
650 _aMathematics
856 _uhttps://www.sciencedirect.com/science/book/9780128110447
942 _cEBOOK
999 _c1842160
_d1842160